| 000 | 00487nam a22001337a 4500 | ||
|---|---|---|---|
| 008 | 240813b ||||| |||| 00| 0 eng d | ||
| 020 | _a9789970445844 | ||
| 050 |
_aBX2347.4 _b.K34 2018 |
||
| 245 | _aNew Evangelization in the Light of the Apostolic Letter Maximum Illud: Towards a contemporary Ecclesiology of Ministry by indigenous Clergy in Uganda | ||
| 260 |
_aKisubi, Uganda _bMarianum Press _c2018 |
||
| 300 |
_axxii, 196 p.; _c26 cm. |
||
| 650 | _aEvangelization | ||
| 942 |
_2lcc _cBK |
||
| 999 |
_c59393 _d59393 |
||